000 00521nam a2200121 4500
999 _c14387
_d14387
008 190914b ||||| |||| 00| 0 eng d
100 _939673
_aSembrano, Edgar Allan M.
245 _aPhilippines' most militaristic church marks 150th year:
_bThe church of San Joaquin in Iloilo has a bas relief that depicts in 'moro-moro' dramatic idiom the battle of Tetuan/
_cEdgar Allan M. Sembrano.
260 _aPhilippines:
_bPhilippine Daily Inquirer;
_cc2019.
300 _apage C1.
650 0 _939674
_aReligion.
942 _2ddc
_cPER